Statystyki dla Kraje obu Ameryk według Stolic (Bardzo Trudne)

Kliknij tutaj aby rozwiązać quiz!

Ogólne statystyki

  • Ten quiz został rozwiązany 47 razy
    (14 od ostatniego zresetowania)
  • Średni wynik to 33 z 56

Statystyki odpowiedzi

Stolica
Kraj% Poprawnych
Sucre/ La pazBoliwia
100%
San JoséKostaryka
100%
MeksykMeksyk
100%
Buenos AiresArgentyna
83%
BridgetownBarbados
83%
BelmopanBelize
83%
BrasiliaBrazylia
83%
SantiagoChile
83%
QuitoEkwador
83%
NuukGrenlandia
83%
GwatemalaGwatemala
83%
Port-au-PrinceHaiti
83%
TegucigalpaHonduras
83%
BogotaKolumbia
83%
PanamaPanama
83%
AsunciónParagwaj
83%
Port of SpainTrynidad i Tobago
83%
MontevideoUrugwaj
83%
Saint John'sAntigua i Barbuda
67%
NassauBahamy
67%
RoseauDominika
67%
Santo DomingoDominikana
67%
GeorgetownGujana
67%
KingstonJamajka
67%
OttawaKanada
67%
HawanaKuba
67%
ManaguaNikaragua
67%
LimaPeru
67%
San SalvadorSalwador
67%
WaszyngtonStany Zjednoczone
67%
ParamariboSurinam
67%
Saint George'sGrenada
50%
BasseterreSaint Kitts i Nevis
50%
CastriesSaint Lucia
50%
KingstownSaint Vincent i Grenadyny
50%
CaracasWenezuela
50%
The ValleyAnguilla
33%
OranjestadAruba
33%
HamiltonBermudy
33%
KralendijkBonaire
33%
Road TownBrytyjskie Wyspy Dziewicze
33%
WillemstadCuraçao
33%
StanleyFalklandy
33%
KajennaGujana Francuska
33%
Basse-TerreGwadelupa
33%
George TownKajmany
33%
Fort-de-FranceMartynika
33%
Plymouth/ BradesMontserrat
33%
San JuanPortoryko
33%
The BottomSaba
33%
GustaviaSaint-Barthélemy
33%
MarigotSaint-Martin
33%
Saint-PierreSaint-Pierre i Miquelon
33%
PhilipsburghSint Maarten
33%
Cockburn TownTurks i Caicos
33%
Charlotte AmalieWyspy Dziewicze Stanów Zjednoczonych
33%

Rozkład punktacji

Percentyl według liczby udzielonych odpowiedzi

Procent ludzi z każdym wynikiem

Twoja historia wyników

Nie rozwiązałeś tego quizu od ostatniego zresetowania